Basic methods in protein purification and analysis:a laboratory manual (Record no. 1208288)

MARC details
000 -LEADER
fixed length control field 01421nam a2200337Ia 4500
003 - CONTROL NUMBER IDENTIFIER
control field OSt
005 - DATE AND TIME OF LATEST TRANSACTION
control field 20221007121004.0
008 - FIXED-LENGTH DATA ELEMENTS--GENERAL INFORMATION
fixed length control field 221006b |||||||| |||| 00| 0 eng d
020 ## - INTERNATIONAL STANDARD BOOK NUMBER
International Standard Book Number 9780879698676 (pbk)
037 ## - SOURCE OF ACQUISITION
Terms of availability Textbook
040 ## - CATALOGING SOURCE
Original cataloging agency BDL
Transcribing agency BDL
Language of cataloging eng
041 ## - LANGUAGE CODE
Source of code eng
Language code of text/sound track or separate title eng
100 ## - MAIN ENTRY--PERSONAL NAME
Personal name Simpson Richard J Ed.
9 (RLIN) 434861
245 #0 - TITLE STATEMENT
Title Basic methods in protein purification and analysis:a laboratory manual
Remainder of title Adams Peter D Ed. Golemis Erica A Ed.
260 ## - PUBLICATION, DISTRIBUTION, ETC.
Place of publication, distribution, etc. New
Name of publisher, distributor, etc. Yok Cold Spring Harbor Laboatory Press
Date of publication, distribution, etc. 2009
300 ## - PHYSICAL DESCRIPTION
Extent vii, 436p.
Dimensions cm.
500 ## - GENERAL NOTE
General note Includes bibliographical references.; Appendix 1-5, 347-423p.; Index 425-436p.
650 ## - SUBJECT ADDED ENTRY--TOPICAL TERM
Topical term or geographic name entry element Chromatography-methods-laboratory manuals
9 (RLIN) 710420
650 ## - SUBJECT ADDED ENTRY--TOPICAL TERM
Topical term or geographic name entry element Electrophoresis-methods-laboratory manuals
9 (RLIN) 710421
650 ## - SUBJECT ADDED ENTRY--TOPICAL TERM
Topical term or geographic name entry element Immunoprecipitation-methods-laboratory manuals
9 (RLIN) 710422
650 ## - SUBJECT ADDED ENTRY--TOPICAL TERM
Topical term or geographic name entry element Poteins-analysis-laboratory manuals
9 (RLIN) 710423
650 ## - SUBJECT ADDED ENTRY--TOPICAL TERM
Topical term or geographic name entry element Proteins-isolation and purification-laboratory manual
9 (RLIN) 710424
700 ## - ADDED ENTRY--PERSONAL NAME
Personal name Adams Peter D Ed.
9 (RLIN) 434862
700 ## - ADDED ENTRY--PERSONAL NAME
Personal name Golemis Erica A Ed.
9 (RLIN) 434863
942 ## - ADDED ENTRY ELEMENTS (KOHA)
Classification part E92Z2g, P9 Carb
Koha item type Textbook
Source of classification or shelving scheme Colon Classification (CC)
Holdings
Withdrawn status Lost status Source of classification or shelving scheme Damaged status Not for loan Home library Current library Date acquired Source of acquisition Total Checkouts Full call number Barcode Date last seen Price effective from Koha item type
    Colon Classification (CC)     Department of Botany Library Department of Botany Library 2022-10-07 063, 18/08/2009, N R Book Distributors   E92Z2g P9 Carb BD0005348 2022-10-07 2022-10-07 Textbook
Copyright @ Delhi University Library System